Problémy účtovníctva podnikov a spoločností vo vzťahu k daňovej sústave kandidátska dizertačná práca

Gespeichert in:
Bibliographische Detailangaben
1. Verfasser: Masaryk, Antonín
Körperschaft: Vysoká škola ekonomická v Bratislave
Weitere Verfasser: Sedláček, Jozef
Format: Buch
Sprache:Slowakisch
Veröffentlicht: Bratislava 1991
Schlagworte:
Tags: Tag hinzufügen
Keine Tags, Fügen Sie das erste Tag hinzu!

MARC

LEADER 00000nam a2200000 4500
001 c002100
005 20221214094654.5
041 0 |a slo 
044 |a SK 
245 1 0 |a Problémy účtovníctva podnikov a spoločností vo vzťahu k daňovej sústave  |b kandidátska dizertačná práca  |c Antonín Masaryk ; Škol. Jozef Sedláček 
264 1 |a Bratislava  |c 1991 
300 |a 205 s. 
610 2 0 |a účtovníctvo 
610 2 0 |a sústava daňová 
610 2 0 |a ČSFR 
610 2 0 |a oceňovanie 
610 2 0 |a Európske spoločenstvá 
610 2 0 |a audítorstvo 
610 2 0 |a náklady 
610 2 0 |a výnosy podnikové 
610 2 0 |a odpisy 
100 1 |a Masaryk, Antonín 
700 1 |a Sedláček, Jozef 
710 2 |a Vysoká škola ekonomická v Bratislave